Advanced Mathematics for Science:A Sequel to Mathematics for Science (Record no. 34271)

MARC details
000 -LEADER
fixed length control field 00440nam a2200145Ia 4500
008 - FIXED-LENGTH DATA ELEMENTS--GENERAL INFORMATION
fixed length control field 211109s9999||||xx |||||||||||||| ||und||
082 ## - DEWEY DECIMAL CLASSIFICATION NUMBER
Classification number 510
Item number FER-A
100 ## - MAIN ENTRY--PERSONAL NAME
Personal name W L, Ferrar
245 #0 - TITLE STATEMENT
Title Advanced Mathematics for Science:A Sequel to Mathematics for Science
260 ## - PUBLICATION, DISTRIBUTION, ETC.
Name of publisher, distributor, etc. Clarendon Press
Place of publication, distribution, etc. Oxford
Date of publication, distribution, etc. 1969
300 ## - PHYSICAL DESCRIPTION
Extent 320p.
630 ## - SUBJECT ADDED ENTRY--UNIFORM TITLE
General subdivision General Stack
650 ## - SUBJECT ADDED ENTRY--TOPICAL TERM
Topical term or geographic name entry element Mathematics
942 ## - ADDED ENTRY ELEMENTS (KOHA)
Koha item type BOOK
650 ## - SUBJECT ADDED ENTRY--TOPICAL TERM
Form subdivision Natural sciences & mathematics
General subdivision Mathematics
Holdings
Withdrawn status Lost status Damaged status Not for loan Home library Current library Date acquired Cost, normal purchase price Total Checkouts Full call number Barcode Shelving location Date last seen Date last checked out Price effective from Koha item type
        SB LIBRARY SB LIBRARY 09/11/2021 100.00 1 510 FER-A 00035509 GENERAL STACK 10/07/2024 10/07/2024 09/11/2021 BOOK

Powered by Koha